000 00458nam a22001697a 4500
999 _c17942
_d17942
003 OSt
005 20210618100720.0
008 210618b ||||| |||| 00| 0 eng d
040 _aSEKU
050 _aTK 146
_b.K46
110 _4KIE
245 _aDiploma in electrical and electronic technology/
_bpower option, syllabus and regulations
260 _aNairobi: Kenya;
_bKIE,
_c2009.
300 _a265P.:
650 _aElectrical engeering
942 _2lcc
_cGEN